• INCHIESTA

di Topical Term

Records bibliografici associati: 1

001 - CONTROL NUMBER

  • control field: 52939

003 - CONTROL NUMBER IDENTIFIER

  • control field: IT-RoPau

005 - DATE AND TIME OF LATEST TRANSACTION

  • control field: 20151203092816.0

008 - FIXED-LENGTH DATA ELEMENTS

  • fixed length control field: 151203|| aca||aabn | a|a d

040 ## - CATALOGING SOURCE

  • Original cataloging agency: IT-RoPau
  • Transcribing agency: IT-RoPau

150 ## - HEADING--TOPICAL TERM

  • Topical term or geographic name entry element: INCHIESTA
  • : TV-PROG. DIDATTICO/CULTURALI-DOCUMENTARI [VHS]
  • General subdivision: Codice MATERIA SPICS: 9962

670 ## - SOURCE DATA FOUND

  • Source citation: Work cat.: (IT-RoPau)107636: Zavoli Sergio Codice regista SPICS: 3364 52937, VIAGGIO NEL SUD-4. IL LAVORO VIAGGIO NEL SUD-4. IL LAVORO (Rif. Codice opera principale : B2236)
CREDITS: SOCIETA' SAN PAOLO Via A.Severo, 58 - ROMA (RM) & PERIODICI SAN PAOLO SRL Via Giotto, 36 MILANO & CISF Via Giotto, 36 MILANO & EDIZIONI SAN PAOLO SRL,  Piazza Soncino, 5 CINISELLO BALSAMO (MI) -- ITALY